QUEST Central Library Banner

Calculus for Business, Economics, and the Social and Life Sciences (Record no. 9173)

MARC details
000 -LEADER
fixed length control field 00688nam a2200229 a 4500
003 - CONTROL NUMBER IDENTIFIER
control field PK-NaQUE
005 - DATE AND TIME OF LATEST TRANSACTION
control field 20250107101941.0
008 - FIXED-LENGTH DATA ELEMENTS--GENERAL INFORMATION
fixed length control field 250107b ||||| |||| 00| 0 eng d
020 ## - INTERNATIONAL STANDARD BOOK NUMBER
International Standard Book Number 007765711X (paperback)
020 ## - INTERNATIONAL STANDARD BOOK NUMBER
International Standard Book Number 9780077657116 (paperback)
040 ## - CATALOGING SOURCE
Transcribing agency QUEST
100 1# - MAIN ENTRY--PERSONAL NAME
Personal name Hoffmann, Laurence.
245 10 - TITLE STATEMENT
Title Calculus for Business, Economics, and the Social and Life Sciences
250 ## - EDITION STATEMENT
Edition statement 11th Edition
260 ## - PUBLICATION, DISTRIBUTION, ETC. (IMPRINT)
Place of publication, distribution, etc [S.l.] :
Name of publisher, distributor, etc McGraw Hill Learning Solutions,
Date of publication, distribution, etc 2013.
300 ## - PHYSICAL DESCRIPTION
Extent 800 p. ;
700 ## - ADDED ENTRY--PERSONAL NAME
Personal name Bradley, Gerald L.
700 ## - ADDED ENTRY--PERSONAL NAME
Personal name Sobecki, David
700 ## - ADDED ENTRY--PERSONAL NAME
Personal name Price, Michael
856 40 - ELECTRONIC LOCATION AND ACCESS
Uniform Resource Identifier <a href="http://10.10.170.122:8080/browse/book/26219">http://10.10.170.122:8080/browse/book/26219</a>
Link text eBook
942 ## - ADDED ENTRY ELEMENTS (KOHA)
Koha item type Books
Source of classification or shelving scheme Dewey Decimal Classification
Holdings
Withdrawn status Lost status Damaged status Not for loan Home library Current library Date acquired Cost, normal purchase price Total Checkouts Full call number Barcode Checked out Date last seen Date checked out Koha item type
        Central Library, QUEST, Nawabshah Central Library, QUEST, Nawabshah 26/08/2014 3240.00 2 515.15BARA 29617 19/02/2022 20/01/2022 20/01/2022 Books

Copyright © 2018,The QUEST, Nawabshah, Shaheed Benazirabad. All rights reserved
Mr. G. Farooq Channar (Librarian) QUEST, Nawabshah, Sindh, Pakistan 67480.
 Ph#: |   0244-9370381-4 Ext. 2308   Email| lib@quest.edu.pk   Web|  http://www.quest.edu.pk